| 000 | 00793nam a2200265 a 4500 | ||
|---|---|---|---|
| 008 | |||
| 020 | _a0582080401 (pbk.) | ||
| 049 | _aMAIN | ||
| 090 |
_aQE516.5 _bKIL |
||
| 100 | 1 | _aKillops, S.D. | |
| 245 | 1 | 3 |
_aAn introduction to organic geochemistry / _cS.D. Killops, V.J. Killops. |
| 260 |
_aHarlow : _bLongman Scientific & Technical, _c1993. |
||
| 300 |
_axi, 265 p. : _bill. ; _c25 cm. |
||
| 440 | 0 | _aGeochemistry series. | |
| 504 | _aIncludes bibliographical references. | ||
| 500 | _aIncludes index. | ||
| 650 | 0 | _aOrganic geochemistry. | |
| 653 | 0 | _aGeochemistry. | |
| 700 | 1 | _aKillops, V.J. | |
| 907 |
_a.b10049708 _b16-04-12 _c17-04-03 |
||
| 003 | |||
| 005 | 20230123133645.0 | ||
| 040 | _cNUST | ||
| 942 |
_cBOOKS _kQE516.5 _mKIL |
||
| 999 |
_c152364 _d152364 |
||